00904nam a2200217 a 4500001001000000003000500010005001700015008004100032010001100073011001100084040000900095100002700104245017500131260004100306500006000347502010900407650003000516650005400546856001600600856007000616000114527CHAP20220329144445.0180212s2017 mx a fsm |||||||spa d a110988 a111960 cCHAP1 aCastillo Olivas, Osiel10aBiología del ácaro de dos manchas Tetranychus urticae Koch (Acari: Tetranychidae) in vitro en Chapingo, Estado de México /h[En línea]cpor Osiel Castillo Olivas. aChapingo, Méx. :bEl autor,c2017. aPara ver el contenido del material haga clic en la liga aTesis (Ing. Agr. Esp. en Parasitología Agrícola) -- UACH. Departamento de Parasitología Agrícola14aPlagasxIdentificación.14aTetranychus urticaexFisiología y morfología. a1 n0001431 aFinding aiduhttp://10.13.5.2/tesis/sist114527.pdfzTeclea aquí